Технология хлопка. Урок 14: Ткацкие переплетения (Запись № 13585877)

Подробности
000 -МАРКЕР
контрольное поле 01050nam2a2200253 4500
001 - ИДЕНТИФИКАТОР ЗАПИСИ
контрольное поле rc\2884100
005 - ИДЕНТИФИКАТОР ВЕРСИИ
контрольное поле 20260315052451.0
035 ## - ДРУГИЕ СИСТЕМНЫЕ НОМЕРА
Идентификатор записи (NLR Aleph) 007036794
100 ## - ДАННЫЕ ОБЩЕЙ ОБРАБОТКИ
Данные общей обработки 20110721d1933 u y0rusy50 ca
101 0# - ЯЗЫК РЕСУРСА
Язык текста, звукозаписи и т.д. русский
102 ## - СТРАНА ПУБЛИКАЦИИ ИЛИ ПРОИЗВОДСТВА
Страна публикации Российская Федерация
105 ## - ПОЛЕ КОДИРОВАННЫХ ДАННЫХ: ТЕКСТОВЫЕ МАТЕРИАЛЫ, МОНОГРАФИЧЕСКИЕ
Кодированные данные о монографическом текстовом документе a z |||||
200 1# - ЗАГЛАВИЕ И СВЕДЕНИЯ ОБ ОТВЕТСТВЕННОСТИ
Основное заглавие Ткацкие переплетения
Первые сведения об ответственности С.В. Молчанов
210 ## - ПУБЛИКАЦИЯ, РАСПРОСТРАНЕНИЕ И ДР.
Дата издания, распространения и т.д. [1933]
215 ## - ФИЗИЧЕСКАЯ ХАРАКТЕРИСТИКА
Специфическое обозначение материала и объем 45 с., 3 с. объявл.
Другие сведения о физической характеристике ил.
461 #0 - УРОВЕНЬ НАБОРА
Встроенное поле 001rc\2884099
-- 2001#$aТехнология хлопка$vУрок 14
Системный номер (АБИС) связанной записи 6057810
Автор Московский заочный текстильный институт
Место публикации Москва
Дата публикации [1933]
Имя издателя, распространителя и т.д. Гос. изд-во лег. пром-сти
Заглавие Технология хлопка
Номер тома Урок 14
700 #1 - ИМЯ ЛИЦА - ПЕРВИЧНАЯ ОТВЕТСТВЕННОСТЬ
Начальный элемент ввода Молчанов
Часть имени, кроме начального элемента ввода С. В.
Дополнения к именам, кроме дат канд. техн. наук, ткачество
Даты 1887-1970
Расширение инициалов личного имени Сергей Васильевич
Системный номер авторитетной/нормативной записи 169851
Идентификатор авторитетной/нормативной записи RU\NLR\AUTH\770169901
801 #0 - ИСТОЧНИК ЗАПИСИ
Страна Российская Федерация
Организация NLR
Правила каталогизации psbo
801 #1 - ИСТОЧНИК ЗАПИСИ
Страна Российская Федерация
Организация ELAR
Источник данных rusmarc
852 ## - МЕСТОНАХОЖДЕНИЕ И ШИФР ХРАНЕНИЯ
Идентификатор организации NLR
Шифр хранения (Call Number) 32-17/323(14)
942 ## - ДОПОЛНИТЕЛЬНЫЕ ЭЛЕМЕНТЫ ЗАПИСИ (АБИС)
Тип экземпляра АБИС Неопределено
980 ## - КОЛЛЕКЦИЯ
Название коллекции Национальная библиография

Нет доступных экземпляров.